00690nam a2200241 a 4500001001300000003000900013005001700022008004100039020000800080082002100088100001600109245004100125260004600166300000900212500003500221505000800256650002300264700001600287902000800303942000700311952011700318999001300435nice12345678IN_TiNIC20260116011258.0050524s1966 newa grp 000 0 eng  ac500a909.0491411bGHO aGhosal, H R aOutline History of the Indian People aNew DelhibPublication Division Goic1966 a139p aincludes index and biblioraphy2 aIll aCivilization-India1 aGhosal, H R bSRS cBK 001040708StackRoom-aHMIbHMId2007-06-05g5.00l0o909.0491411 GHOp03456r2007-06-05v5.00w2005-05-24yBK c127d127